[Event "Catalunya-chT Gp2"]
[Site "Barcelona"]
[Date "2024.01.27"]
[Round "2.5"]
[White "Villa Tornero, Alex"]
[Black "Delisau Gil, Oriol"]
[Result "1-0"]
[WhiteElo "2321"]
[BlackElo "2212"]
[PlyCount "87"]
[EventDate "2024.01.20"]
[EventType "team-tourn"]
[EventRounds "7"]
[EventCountry "ESP"]
[SourceTitle "CB06_2024"]
[SourceDate "2024.02.07"]
[SourceVersion "1"]
[SourceVersionDate "2024.02.07"]
[SourceQuality "1"]
[WhiteTeam "Barbera"]
[BlackTeam "Sant Andreu"]
[WhiteTeamCountry "ESP"]
[BlackTeamCountry "ESP"]

1. e4 c5 2. Nf3 d6 3. d4 cxd4 4. Nxd4 Nf6 5. Nc3 g6 6. f3 Bg7 7. Be3 0-0 8. Qd2 Nc6 9. Bc4 Nxd4 10. Bxd4 Be6 11. Bxe6 fxe6 12. 0-0-0 Qa5 13. h4 Nd7 14. Bxg7 Kxg7 15. h5 g5 16. h6+ Kf7 17. Rh5 Kg6 18. e5 Qxe5 19. Qd3+ Qf5 20. Ne4 Nc5 21. Qc3 Kf7 22. Rxg5 Qf4+ 23. Kb1 Nxe4 24. Rg7+ Ke8 25. Qc7 Rf7 26. Qxb7 Nc3+ 27. bxc3 Rd8 28. Qc7 Rd7 29. Qc8+ Rd8 30. Qxe6 Qf6 31. Rg8+ Rf8 32. Qxf6 exf6 33. Re1+ Kd7 34. Rg7+ Kc6 35. Rxh7 Rb8+ 36. Kc1 Rb5 37. Rxa7 Rh5 38. h7 Rh8 39. Ree7 Rh1+ 40. Kd2 f5 41. a4 f4 42. a5 Rb8 43. c4 Rh2 44. Rac7# 1-0

[Event "Barcelona Tancat"]
[Site "Barcelona"]
[Date "2024.01.04"]
[Round "5"]
[White "Villa Tornero, Alex"]
[Black "Alcala Gonzalez, Cesar"]
[Result "1-0"]
[WhiteElo "2321"]
[BlackElo "2247"]
[PlyCount "71"]
[EventDate "2024.01.02"]
[EventType "tourn"]
[EventRounds "9"]
[EventCountry "ESP"]
[EventCategory "1"]
[SourceTitle "CB02_2024"]
[SourceDate "2024.01.10"]
[SourceVersion "1"]
[SourceVersionDate "2024.01.10"]
[SourceQuality "1"]

1. e4 c6 2. d4 d5 3. exd5 cxd5 4. Bd3 Nc6 5. c3 Qc7 6. h3 a6 7. Nf3 e6 8. 0-0 Bd6 9. Re1 Nge7 10. b3 Bd7 11. Na3 0-0 12. Nc2 b5 13. a4 Na5 14. axb5 axb5 15. b4 Nc4 16. Bxh7+ Kxh7 17. Ng5+ Kg6 18. h4 f5 19. h5+ Kf6 20. Qe2 e5 21. dxe5+ Nxe5 22. f4 Rxa1 23. Nxa1 Re8 24. fxe5+ Bxe5 25. Nh7+ Ke6 26. Nb3 Nc6 27. Kh1 Kf7 28. Ng5+ Kf6 29. Nc5 f4 30. Nh7+ Kf7 31. Qd3 Ne7 32. Ng5+ Kf6 33. Rxe5 Nf5 34. Rxe8 Bxe8 35. Nh7+ Ke7 36. Qxf5 1-0

[Event "Iberoamerican-ch Rapid"]
[Site "Sant Boi"]
[Date "2023.12.09"]
[Round "3"]
[White "Alonso Rosell, Alvar"]
[Black "Villa Tornero, Alex"]
[Result "1-0"]
[WhiteElo "2566"]
[BlackElo "2310"]
[PlyCount "89"]
[EventDate "2023.12.09"]
[EventType "swiss (rapid)"]
[EventRounds "9"]
[EventCountry "ESP"]
[SourceTitle "CB50_2023"]
[SourceDate "2023.12.13"]
[SourceVersion "1"]
[SourceVersionDate "2023.12.13"]
[SourceQuality "1"]

1. d4 Nf6 2. Nf3 e6 3. Bf4 d5 4. e3 Bd6 5. Nbd2 c5 6. dxc5 Bxf4 7. exf4 Qc7 8. g3 Qxc5 9. Bd3 0-0 10. Qe2 b6 11. h4 a5 12. h5 h6 13. g4 Nxg4 14. Rg1 f5 15. Ne5 Qd4 16. c3 Qxf4 17. Ng6 Qh2 18. Nf3 Qxh5 19. Nxf8 Kxf8 20. 0-0-0 Qf7 21. Ne5 Nxe5 22. Qxe5 Qe7 23. Rg6 Nc6 24. Qh2 Ra7 25. Rdg1 Qc7 26. f4 Nb4 27. Bb1 Qc5 28. Qg3 Nc6 29. Rxg7 Qxg1+ 30. Qxg1 Rxg7 31. Qxb6 Bd7 32. Bd3 h5 33. Bb5 h4 34. Bxc6 Bxc6 35. Qxc6 h3 36. Qxe6 Rg1+ 37. Kd2 Rg2+ 38. Kd3 h2 39. Qxf5+ Kg7 40. Qh5 Rxb2 41. a4 Kf6 42. Kd4 Ra2 43. Kxd5 Rd2+ 44. Kc6 Rc2 45. Kb5 1-0

[Event "Titled Tuesday intern op 12th Sep Early"]
[Site "Chess.com INT"]
[Date "2023.09.12"]
[Round "5"]
[White "Villa Tornero, Alex"]
[Black "Laddha, Shubh Jayesh"]
[Result "0-1"]
[WhiteElo "2397"]
[BlackElo "2373"]
[PlyCount "58"]
[EventDate "2023.09.12"]
[EventType "swiss (blitz)"]
[EventRounds "11"]
[EventCountry "USA"]
[SourceTitle "EXT 2024"]
[Source "ChessBase"]
[SourceDate "2023.10.10"]
[SourceVersion "1"]
[SourceVersionDate "2023.10.10"]
[SourceQuality "1"]

1. e4 c6 2. Nf3 d5 3. exd5 cxd5 4. Ne5 Nc6 5. d4 Nxe5 6. dxe5 e6 7. Nd2 Ne7 8. Nf3 Nc6 9. c3 Bc5 10. Bf4 Qb6 11. Qd2 0-0 12. Bd3 d4 13. 0-0 dxc3 14. bxc3 Qc7 15. Ng5 h6 16. Nf3 Rd8 17. Rad1 Bf8 18. Qe2 b6 19. Bxh6 gxh6 20. Qe4 Bg7 21. Rfe1 Bb7 22. Qh7+ Kf8 23. Re4 Nxe5 24. Nxe5 Bxe4 25. Qxe4 Qxe5 26. Qf3 Qxc3 27. h4 Rd5 28. Be4 Qxf3 29. Rxd5 Qxe4 0-1

[Event "Titled Tuesday intern op 05th Sep Early"]
[Site "Chess.com INT"]
[Date "2023.09.05"]
[Round "3"]
[White "Villa Tornero, Alex"]
[Black "Mirzanurov, Bulat"]
[Result "1-0"]
[WhiteElo "2397"]
[BlackElo "2232"]
[PlyCount "53"]
[EventDate "2023.09.05"]
[EventType "swiss (blitz)"]
[EventRounds "11"]
[EventCountry "USA"]
[SourceTitle "EXT 2024"]
[Source "ChessBase"]
[SourceDate "2023.10.10"]
[SourceVersion "1"]
[SourceVersionDate "2023.10.10"]
[SourceQuality "1"]

1. e4 c5 2. Nf3 d6 3. c3 Nf6 4. Be2 g6 5. 0-0 Bg7 6. Re1 0-0 7. Bf1 e5 8. h3 Nc6 9. d4 cxd4 10. cxd4 exd4 11. Nxd4 Nxd4 12. Qxd4 Be6 13. Nc3 Rc8 14. Bg5 h6 15. Bh4 g5 16. Bg3 Nh5 17. Qxd6 Nxg3 18. Qxg3 Qb6 19. Rad1 Qxb2 20. Nd5 Kh8 21. a3 Bc3 22. Nxc3 Qxc3 23. Qd6 Qc5 24. Qd2 Rcd8 25. Qb2+ Kg8 26. Qxb7 Rb8 27. Qa6 1-0

[Event "Titled Tuesday intern op 08th Aug Late"]
[Site "Chess.com INT"]
[Date "2023.08.08"]
[Round "6"]
[White "Ai, Evan Zihao"]
[Black "Villa Tornero, Alex"]
[Result "1-0"]
[WhiteElo "2199"]
[BlackElo "2225"]
[PlyCount "67"]
[EventDate "2023.08.08"]
[EventType "swiss (blitz)"]
[EventRounds "11"]
[EventCountry "USA"]
[SourceTitle "EXT 2024"]
[Source "ChessBase"]
[SourceDate "2023.10.10"]
[SourceVersion "1"]
[SourceVersionDate "2023.10.10"]
[SourceQuality "1"]

1. d4 c5 2. d5 Nf6 3. Nf3 e6 4. c4 exd5 5. cxd5 d6 6. Nc3 g6 7. g3 Bg7 8. Bg2 0-0 9. 0-0 Nbd7 10. Bf4 Nb6 11. e4 Re8 12. Nd2 Nh5 13. Be3 Bd7 14. f4 f5 15. Bf3 Nf6 16. e5 dxe5 17. fxe5 Rxe5 18. Bxc5 Nbxd5 19. Nxd5 Nxd5 20. Nc4 Nc3 21. Qb3 Be6 22. Rae1 Rxc5 23. Rxe6 Qd4+ 24. Ne3 Kh8 25. bxc3 Rxc3 26. Qxb7 Rd8 27. Qe7 Bf8 28. Qg5 Bc5 29. Rd1 Qxd1+ 30. Bxd1 Rxd1+ 31. Kg2 Rd2+ 32. Kh3 Bxe3 33. Qf6+ Kg8 34. Re8# 1-0

[Event "Titled Tuesday intern op 25th Jul Late"]
[Site "Chess.com INT"]
[Date "2023.07.25"]
[Round "7"]
[White "Bilan, Danila"]
[Black "Villa Tornero, Alex"]
[Result "1-0"]
[WhiteElo "2303"]
[BlackElo "2103"]
[PlyCount "73"]
[EventDate "2023.07.25"]
[EventType "swiss (blitz)"]
[EventRounds "11"]
[EventCountry "USA"]
[SourceTitle "EXT 2024"]
[Source "ChessBase"]
[SourceDate "2023.10.10"]
[SourceVersion "1"]
[SourceVersionDate "2023.10.10"]
[SourceQuality "1"]

1. d4 Nf6 2. Nf3 c5 3. e3 e6 4. Bd3 Nc6 5. c3 Be7 6. Nbd2 0-0 7. 0-0 b6 8. e4 cxd4 9. cxd4 Nb4 10. Bb5 a6 11. Ba4 Bb7 12. Qe2 Rc8 13. e5 Nfd5 14. Ne4 d6 15. Bg5 Bxg5 16. Nfxg5 dxe5 17. dxe5 h6 18. Nh3 Qh4 19. Nd6 Ba8 20. Nxc8 h5 21. Nd6 f6 22. Qe4 Qxh3 23. gxh3 fxe5 24. f3 Nf4 25. Qxb4 Nxh3+ 26. Kg2 Nf4+ 27. Kg3 h4+ 28. Kxh4 Rf6 29. Be8 Rh6+ 30. Kg3 Rh3+ 31. Kg4 Rxh2 32. Ne4 Ne2 33. Rg1 Nd4 34. Qe7 Nf5 35. Qxe6+ Kh8 36. Qxf5 Bd5 37. Qxe5 1-0

[Event "Titled Tuesday intern op 25th Jul Early"]
[Site "Chess.com INT"]
[Date "2023.07.25"]
[Round "6"]
[White "Villa Tornero, Alex"]
[Black "Osinovsky, Stepan"]
[Result "0-1"]
[WhiteElo "2103"]
[BlackElo "2241"]
[PlyCount "26"]
[EventDate "2023.07.25"]
[EventType "swiss (blitz)"]
[EventRounds "11"]
[EventCountry "USA"]
[SourceTitle "EXT 2024"]
[Source "ChessBase"]
[SourceDate "2023.10.10"]
[SourceVersion "1"]
[SourceVersionDate "2023.10.10"]
[SourceQuality "1"]

1. e4 e5 2. d4 exd4 3. Qxd4 Nc6 4. Qe3 Nf6 5. Nc3 g6 6. Bd2 Bg7 7. 0-0-0 0-0 8. h4 d5 9. exd5 Nxd5 10. Nxd5 Qxd5 11. Kb1 Bf5 12. h5 Nb4 13. Bd3 Qxa2+ 0-1

[Event "ESP-ch U14 rapid"]
[Site "Salobrena"]
[Date "2023.07.23"]
[Round "5"]
[White "Sierra Vallina, Lionel"]
[Black "Villa Tornero, Alex"]
[Result "1-0"]
[WhiteElo "2079"]
[BlackElo "2175"]
[PlyCount "101"]
[EventDate "2023.07.22"]
[EventType "swiss (rapid)"]
[EventRounds "9"]
[EventCountry "ESP"]
[SourceTitle "EXT 2024"]
[Source "ChessBase"]
[SourceDate "2023.10.10"]
[SourceVersion "1"]
[SourceVersionDate "2023.10.10"]
[SourceQuality "1"]

1. e4 c5 2. Nf3 e6 3. d4 cxd4 4. Nxd4 a6 5. Nc3 Qc7 6. g3 Nf6 7. Bg2 Be7 8. 0-0 d6 9. Be3 0-0 10. g4 Nc6 11. g5 Nd7 12. f4 Nxd4 13. Qxd4 e5 14. Qd2 exf4 15. Bxf4 Ne5 16. Nd5 Qd8 17. Rad1 Be6 18. Nxe7+ Qxe7 19. Qxd6 Qxd6 20. Rxd6 Nc4 21. Rd4 Nxb2 22. Rb1 Nc4 23. Rxb7 Rac8 24. Rc7 Na3 25. Ra4 Rxc7 26. Bxc7 Nxc2 27. Bd6 Rc8 28. Rxa6 h6 29. gxh6 gxh6 30. e5 Nd4 31. Be4 Kg7 32. Be7 Ne2+ 33. Kf2 Nc3 34. Bf6+ Kf8 35. Bb7 Rb8 36. a4 Kg8 37. Bc6 Rb2+ 38. Ke3 Rxh2 39. Ra8+ Kh7 40. Kd4 Rh4+ 41. Kd3 Rh3+ 42. Kd2 Kg6 43. Bg2 Nb1+ 44. Kc1 Rb3 45. Be4+ Bf5 46. Rg8+ Kh5 47. Bxf5 Rb4 48. Rg2 Rc4+ 49. Rc2 Nd2 50. Rxc4 Nxc4 51. Bd3 1-0